Advances in Cryptology - ASIACRYPT 2013. 19th International Conference on the Theory and Application of Cryptology and Information Security : Proceedings, Part I, Bengaluru, India, December 2013 /

Salvato in:
Dettagli Bibliografici
Altri autori: Sako, Kazue (Redattore), Sarkar, Palash (Redattore)
Natura: Libro
Lingua:inglese
Pubblicazione: Berlin : Springer Verlag, 2013
Tags: Aggiungi Tag
Nessun Tag, puoi essere il primo ad aggiungerne!!

MARC

LEADER 00000nam a22000003a 4500
001 0014224
003 SK-STU
005 20160504102411.9
007 ta
008 160504s ----xo-----e------000-0-----d
020 |a 978-3-642-42032-0 
040 |a STU  |b slo 
041 0 |a eng 
044 |a gw 
080 |a 004.056.53 
100 1 |a Sako, Kazue  |4 edt 
245 1 0 |a Advances in Cryptology - ASIACRYPT 2013. 19th International Conference on the Theory and Application of Cryptology and Information Security :  |b Proceedings, Part I, Bengaluru, India, December 2013 /  |c ed. Kazue Sako ; ed. Palash Sarkar 
260 |a Berlin :  |b Springer Verlag,  |c 2013 
300 |a 546 s. 
700 1 |a Sarkar, Palash  |4 edt 
996 |b 284EK89669  |c E* 89669  |l EE35  |s P  |a 0  |w 0014224_0001